000 00473nmm a2200169Ia 4500
008 251105s9999||||xx |||||||||||||||||und||
020 _a9791222433271
041 _afre
100 _aCervantes Digital
245 0 _aBelles Prières Audio Français-Latin
264 _a[Quito, Ecuador] :
_bCervantes Digital,
_c2023
300 _a0 páginas
490 _aReligiosos
650 _aReligion(s)
856 _uhttps://public.digitaliapublishing.com/a/129490
942 _cCF
999 _c98209
_d98209